Strange Celebrity Pets Quiz Stats

 Plays Quiz Updated Dec 20, 2014

Challenge
Share
Tweet
Embed
Score 0/15 Timer 03:00
0 Plays Today
% Correct
Kristen Stewart
81.7%
Paris Hilton
81.6%
Michael Jackson
80%
Hunter S. Thompson
72.4%
Calvin Coolidge
69.8%
John Quincy Adams
65.9%
George Clooney
63.7%
Nicolas Cage
61.8%
% Correct
Audrey Hepburn
61.2%
Steven Tyler
56.8%
Salvador Dalí
52.8%
Mike Tyson
47.8%
Leonardo Dicaprio
47.3%
Vanilla Ice
41.4%
Reese Witherspoon
33.6%

You're not logged in!

Compare scores with friends on all Sporcle quizzes.
Join for Free
OR
Log In

You Might Also Like...

Show Comments

Extras

Top Quizzes Today


Score Distribution

Your Account Isn't Verified!

In order to create a playlist on Sporcle, you need to verify the email address you used during registration. Go to your Sporcle Settings to finish the process.

Report this User

Report this user for behavior that violates our Community Guidelines.

Details: